Iranian Journal of Science and Technology Transactions of Electrical Engineering.

Bibliographic Details
Format: Electronic Journal
Language:English
Published: Berlin : Springer
Subjects:
Online Access:Full text available from Research Library: 06/01/2011 to 12/31/2018

MARC

LEADER 00000nas a2200000 i 4500
001 ssj0001073107
003 WaSeSS
005 20200512172242.0
006 m d
007 cr n
008 130703c201u9999gw qr p s 0 a0eng d
010 |a  2018205315 
022 |a 2364-1827  |y 2228-6179 
035 |a (WaSeSS)ssj0001073107 
040 |a CNCGM  |b eng  |e pn  |c CNCGM  |d CUD  |d OCLCF  |d OCLCO  |d OCLCQ  |d UAB  |d OCLCQ  |d DLC  |d VT2  |d WaSeSS 
042 |a lccopycat 
050 0 0 |a TK1 
130 0 |a Iranian Journal of Science and Technology. Transactions of Electrical Engineering (Online) 
245 1 0 |a Iranian Journal of Science and Technology  |h [electronic resource].  |b Transactions of Electrical Engineering. 
260 |a Berlin :  |b Springer 
310 |a Quarterly 
362 1 |a Began with Volume 40, issue 1 (March 2016). 
506 |a License restrictions may limit access. 
515 |a Some issues combined. 
588 |a Description based on: Volume 40, issue 1 (March 2016); title from contents screen (Springer LINK, viewed April 15, 2016). 
588 |a Latest issue consulted: Volume 42, issue 4 (December 2018) (viewed December 18, 2018). 
650 0 |a Electrical engineering  |v Periodicals. 
650 7 |a Electrical engineering.  |2 fast  |0 (OCoLC)fst01728596 
655 0 |a Electronic journals. 
776 0 8 |i Print version :  |t Iranian journal of science and technology  |w (DLC) 2015215493  |w (OCoLC)835969425 
850 |a DLC 
856 4 0 |z Full text available from Research Library: 06/01/2011 to 12/31/2018  |u https://search.proquest.com/publication/2026718